[Event "Lone Pine op Louis D. Statham Masters"]
[Site "Lone Pine"]
[Date "1979.03.27"]
[Round "3"]
[White "Chandler, Murray G"]
[Black "Rajkovic, Dusan"]
[Result "1-0"]
[WhiteElo "2380"]
[BlackElo "2490"]
[Annotator "Dolmatov,S"]
[PlyCount "69"]
[EventDate "1979.03.25"]
[EventType "swiss"]
[EventRounds "9"]
[EventCountry "USA"]
[SourceTitle "MCL"]
[Source "ChessBase"]
[SourceDate "1999.07.01"]
[SourceVersion "1"]
[SourceVersionDate "1999.07.01"]
[SourceQuality "1"]

1. e4 c5 2. c3 Nf6 3. e5 Nd5 4. d4 cxd4 5. Nf3 Nc6 6. cxd4 d6 7. Bc4 Nb6 8. Bb5
dxe5 9. Nxe5 Bd7 10. Nc3 (10. Bxc6 Bxc6 11. Nxc6 bxc6 12. O-O g6 13. Re1 Bg7
14. Bg5 O-O $10) 10... e6 $6 (10... Nxe5 11. dxe5 Bxb5 12. Qxd8+ Rxd8 13. Nxb5
a6 14. Nc3 e6 $10) 11. Qg4 (11. Bxc6 Bxc6 12. Nxc6 bxc6 13. O-O $14) 11... Nxe5
12. dxe5 Bxb5 13. Nxb5 a6 14. Nd6+ (14. Nc3 Qd3 15. Be3 Nc4 16. Rd1 Nxe3 17.
Qa4+ b5 18. Rxd3 Nxg2+ 19. Kf1 bxa4 20. Kxg2 $15) 14... Bxd6 15. exd6 (15. Qxg7
$4 Bb4+ $19) 15... O-O 16. Bf4 Qf6 17. O-O Qg6 (17... Qxb2 $2 18. Rab1 Qd4 19.
Rfd1 Qc5 20. Be3 $18) 18. Qe2 (18. Qxg6 hxg6 19. Rac1 Nd5 $15) 18... Nd5 19.
Bg3 Rad8 20. Rfe1 Rd7 21. Rad1 h6 22. Rd4 Rc8 23. Rc4 Re8 24. Qd2 Kh7 25. h3
Nf6 $6 26. Be5 Red8 (26... Nd5 $2 27. Rg4 $18) 27. Bg3 Ne8 28. Rd4 $14 Qf5 29.
Bh4 f6 $2 (29... Nf6 $32 $14) 30. g4 $1 Qc5 31. Rxe6 Kg8 $2 (31... Rxd6 32.
Qd3+ f5 (32... Kg8 33. Rxe8+ $18) (32... g6 33. Rdxd6 Rxd6 34. Rxd6 Nxd6 35.
Bxf6 $16) 33. Rdxd6 Rxd6 34. Rxd6 (34. Qxf5+ $6 Qxf5 35. gxf5 Rxe6 36. fxe6 g5
37. Bg3 Kg6 $10) 34... Nxd6 35. Be7 Qc1+ 36. Kg2 Ne4 (36... Qc6+ 37. f3 $16)
37. Qf3 $1 $14) 32. Bg3 $18 Kf7 33. Qe3 Nxd6 34. Rexd6 Rxd6 35. Rxd6 1-0

[Event "Lone Pine op Louis D. Statham Masters"]
[Site "Lone Pine"]
[Date "1979.03.29"]
[Round "5"]
[White "Benjamin, Joel"]
[Black "Ligterink, Gert"]
[Result "0-1"]
[WhiteElo "2320"]
[BlackElo "2440"]
[Annotator "Dolmatov,S"]
[PlyCount "78"]
[EventDate "1979.03.25"]
[EventType "swiss"]
[EventRounds "9"]
[EventCountry "USA"]
[SourceTitle "MCL"]
[Source "ChessBase"]
[SourceDate "1999.07.01"]
[SourceVersion "1"]
[SourceVersionDate "1999.07.01"]
[SourceQuality "1"]

1. e4 c5 2. c3 e6 3. d4 d5 4. exd5 exd5 5. Nf3 a6 6. Be3 (6. Be2 Nc6 7. O-O Bd6
8. dxc5 Bxc5 9. Nbd2 Nf6 10. Nb3 $14) 6... c4 7. b3 cxb3 8. axb3 Nc6 9. h3 Bd6
(9... Bf5 $5) 10. Bd3 Nf6 11. Nbd2 O-O 12. O-O Re8 13. Qc2 Bd7 14. Rae1 $6 (14.
Rac1 Rc8 15. Qb1 h6 16. Rfe1 Be6 17. b4 $14) 14... h6 15. Qb1 Rc8 16. Re2 (16.
b4 Na7 $15) 16... Be6 17. Rc1 Qd7 18. Ree1 Bb8 19. b4 Bd6 20. Nh4 $2 (20. Nb3
$5 Ne4 $6 21. Nc5 $14) 20... Na7 21. Nf5 Bb8 22. Nf1 Ne4 23. Bxe4 dxe4 $15 24.
N5g3 f5 $15 25. Ne2 Nb5 26. Nd2 Qf7 $1 (26... f4 27. Bxf4 Bxf4 28. Nxf4 Nxc3
29. Qb2 (29. Rxc3 $2 Rxc3 30. Nxe4 Bf5 31. Qa2+ Kh7 $17) 29... Qxd4 30. Nxe4
Bf7 31. Nxc3 Qxf4 $15) 27. Bf4 (27. f4 Nd6 $17) 27... Bxf4 28. Nxf4 Nxc3 29.
Qb2 Nd5 30. Nxd5 Bxd5 $19 31. Rc5 b6 32. Rc3 Rxc3 33. Qxc3 f4 34. Qa3 Qg6 35.
Nf1 e3 36. f3 Bxf3 37. Qa2+ Kh7 38. Nh2 Be4 39. Qe2 Rc8 0-1

[Event "Olympiad-32"]
[Site "Yerevan"]
[Date "1996.09.17"]
[Round "2.2"]
[White "Antonio, Rogelio Jr"]
[Black "Huebner, Robert"]
[Result "0-1"]
[WhiteElo "2530"]
[BlackElo "2595"]
[Annotator "Dolmatov,S"]
[PlyCount "82"]
[EventDate "1996.09.15"]
[EventType "team-swiss"]
[EventRounds "14"]
[EventCountry "ARM"]
[SourceTitle "CBM 055"]
[Source "ChessBase"]
[SourceDate "1996.12.01"]
[SourceVersion "1"]
[SourceVersionDate "1996.12.01"]
[SourceQuality "1"]
[WhiteTeam "Philippines"]
[BlackTeam "Germany"]
[WhiteTeamCountry "PHI"]
[BlackTeamCountry "GER"]

1. e4 c5 2. c3 d5 3. exd5 Qxd5 4. d4 Nf6 5. Nf3 Bg4 6. Nbd2 Nc6 7. Bc4 Bxf3 8.
gxf3 Qf5 $1 (8... Qh5 {Adams,Huebner/}) 9. Qb3 $6 (9. Nb3 $5 e6 $5 (9... cxd4
10. Nxd4 Nxd4 11. cxd4 $13) 10. Nxc5 Bxc5 11. dxc5 Rd8 12. Qe2 Ne5 13. Bb5+ Ke7
14. f4 $13) 9... O-O-O $1 10. Bb5 (10. Bxf7 Nd5 11. Bxd5 Rxd5 $40) 10... cxd4
11. Bxc6 bxc6 12. O-O e6 13. Qa4 (13. cxd4 Bd6 14. Ne4 Nxe4 15. fxe4 Qxe4 $17)
13... Qb5 14. Qxb5 (14. Qxa7 Bc5 15. Qxf7 (15. Qa8+ Kc7 $19) 15... Rhe8 $19)
14... cxb5 15. cxd4 Rxd4 16. Nb3 Ra4 $19 17. Be3 Bd6 18. Rfc1+ Kd7 19. Nd4 $6 (
19. Nc5+ $5 Bxc5 20. Rxc5 Rb8 (20... a6 21. b3) 21. b3 Ra6 22. a4 Nd5 23. Bd4)
19... Rb8 20. b3 Ra6 21. Rc2 Nd5 22. Rd1 g6 23. f4 Rb7 24. f5 (24. Kg2 Bxf4 $19
) 24... gxf5 25. Nxf5 Rc7 26. Rcd2 Bb4 27. Rd4 Kc8 28. Rh4 Bc3 (28... Nc3 29.
Rd2) 29. Rxh7 (29. a4 bxa4 30. bxa4 Nxe3 31. Nxe3 f5 $19) 29... Nxe3 30. Nxe3
Rxa2 31. Rc1 (31. h4 a5 32. h5 Ra1 33. Rxa1 Bxa1 34. h6 Kb7 $19) 31... a5 32.
h4 a4 33. bxa4 b4 34. Nd1 Ra1 35. Rxa1 Bxa1 36. a5 Rc1 37. Rxf7 Rxd1+ 38. Kg2
Rd7 39. Rf8+ Kb7 40. Re8 Ka6 41. h5 Bc3 0-1

[Event "Haifa"]
[Site "Haifa"]
[Date "1995.??.??"]
[Round "8"]
[White "Dolmatov, Sergey"]
[Black "Gruenfeld, Yehuda"]
[Result "1/2-1/2"]
[WhiteElo "2605"]
[BlackElo "2505"]
[Annotator "Dolmatov,S"]
[PlyCount "107"]
[EventDate "1995.01.??"]
[EventType "tourn"]
[EventRounds "11"]
[EventCountry "ISR"]
[EventCategory "14"]
[SourceTitle "CBM 046"]
[Source "ChessBase"]
[SourceDate "1995.06.01"]
[SourceVersion "1"]
[SourceVersionDate "1995.06.01"]
[SourceQuality "1"]

1. e4 c5 2. c3 Nf6 3. e5 Nd5 4. Nf3 Nc6 5. Bc4 Nb6 6. Bb3 d5 7. exd6 Qxd6 8.
O-O Be6 9. Na3 Bxb3 $5 10. Qxb3 e6 (10... Qd5 $5) 11. d4 cxd4 12. Nb5 Qd8 $2 (
12... Qd7 13. Nxa7 (13. Rd1 $2 Na5 $19) (13. Nbxd4 Nxd4 14. Nxd4 Be7 $10) 13...
Rxa7 14. Qxb6 dxc3 15. bxc3 $10) 13. Rd1 $14 Be7 14. Nfxd4 $6 (14. Nbxd4 Qb8 (
14... Nxd4 $2 15. Rxd4 $16) 15. Nxc6 bxc6 16. c4 $14) 14... Qb8 $8 (14... Nxd4
15. Rxd4 Qc8 16. Bf4 $16) (14... Na5 $2 15. Nxe6 Nxb3 16. Nbc7+ $18) 15. Nxc6 (
15. Nxe6 $6 fxe6 16. Qxe6 Kf8 $17) 15... bxc6 16. Nd4 $14 Qc7 17. c4 O-O 18.
Be3 Rfd8 19. Qc2 Bf6 20. Nf3 $1 (20. Rac1 $2 Bxd4 21. Bxd4 Qf4 22. Be3 Qxc4)
20... h6 21. Rac1 a5 22. b3 $14 Nd7 {/\Ne5} 23. Kf1 $1 Nf8 (23... Ne5 $2 24.
Bf4 $16) 24. Rxd8 Rxd8 25. Rd1 Ng6 26. Rxd8+ Qxd8 27. Qd2 Qc7 28. g3 Be7 $2 (
28... Ne5 29. Nxe5 Qxe5 $14) 29. Qd4 Bb4 30. h4 $16 Bf8 31. Qb6 (31. h5 c5 $8 (
31... Ne7 32. Qb6 $18) 32. Qe4 (32. Qg4 Ne5 33. Nxe5 Qxe5 $14) 32... Ne7 33.
Bf4 $16) 31... Bd6 32. Qxc7 $2 (32. c5 $18 Be5 (32... Bxg3 33. fxg3 Qxg3 34.
Qxc6 Nxh4 35. Qa8+ Kh7 36. Qe4+ $18) 33. Nxe5 Qxe5 34. Qxa5 $18) 32... Bxc7 33.
Bc5 e5 34. Ke2 f5 $2 (34... Nf8 $14) 35. h5 Nf8 36. Bxf8 Kxf8 37. Nh4 f4 38.
gxf4 $2 (38. Kf3 $1 fxg3 (38... Kf7 39. Ke4 Kf6 40. Nf3 $18) 39. fxg3 e4+ 40.
Kxe4 Bxg3 41. Nf3 Kf7 42. Kf5 $18) 38... exf4 39. Kf3 Kf7 40. Ng6 (40. Kg4 Kf6
41. f3 Bd6 42. Ng6 c5 43. Nxf4 Bxf4 44. Kxf4 g6 45. hxg6 Kxg6 46. Kg4 (46. Ke5
h5) 46... Kf6 47. Kh5 Kg7 48. f4 Kh7 49. f5 Kg7 50. a4 Kf6 51. Kxh6 Kxf5 52.
Kg7 Ke5 53. Kf7 Kd4 54. Ke6 Kc3 55. Kd5 $10) 40... Kf6 41. Nxf4 (41. Kg4 f3)
41... Kf5 42. Ne2 (42. Nd3 $5 Kg5 (42... Bd6 $2 43. c5 Bc7 44. a3 Kg5 45. b4
axb4 46. axb4 Kxh5 47. Nf4+ $16) 43. Nc5 Kxh5 44. Ne6 Be5 45. Nd8 c5 46. Nb7
$16) 42... Bb6 $1 (42... Be5 $2 43. Ke3 Kg4 44. Ke4 Bf6 45. Nd4 $16) 43. a3 $10
Bc5 44. b4 axb4 45. axb4 Bxb4 46. Nd4+ Kg5 47. Nxc6 Bd6 48. Ke4 (48. Nd8 Kxh5
49. Ne6 Kg6 50. c5 Kf6 $10) 48... Kxh5 49. Ne5 g5 50. Kf5 Kh4 51. Nf3+ Kh3 52.
Nd2 g4 53. Ne4 Bc7 54. Nf6 1/2-1/2

[Event "Haifa"]
[Site "Haifa"]
[Date "1995.??.??"]
[Round "6"]
[White "Dolmatov, Sergey"]
[Black "Milov, Vadim"]
[Result "1-0"]
[WhiteElo "2605"]
[BlackElo "2580"]
[Annotator "Dolmatov,S"]
[PlyCount "69"]
[EventDate "1995.01.??"]
[EventType "tourn"]
[EventRounds "11"]
[EventCountry "ISR"]
[EventCategory "14"]
[SourceTitle "CBM 046"]
[Source "ChessBase"]
[SourceDate "1995.06.01"]
[SourceVersion "1"]
[SourceVersionDate "1995.06.01"]
[SourceQuality "1"]

1. e4 c5 2. Nf3 Nc6 3. c3 Nf6 4. e5 Nd5 5. Bc4 e6 (5... Nb6) 6. d4 d6 7. O-O
cxd4 8. cxd4 Be7 9. Qe2 Nb6 $2 (9... O-O $5 10. Qe4 Bd7 11. Bd3 f5 12. exf6
Nxf6 $14) 10. Bb3 d5 $8 11. Nc3 Bd7 12. Bf4 a6 13. Rac1 Rc8 14. Rfd1 Na5 $6 (
14... Na7 $5 15. Bc2 Nb5 16. Bd3 $14) 15. Bc2 g5 $2 16. Be3 $16 Nac4 17. Bd3 (
17. Bb1 g4 18. Ne1 Nxe3 $6 (18... h5 19. Nd3) 19. fxe3 Bg5 20. Nd3 $16) 17...
g4 18. Ne1 Nxe3 19. fxe3 Bg5 20. g3 f5 (20... h5 21. Ng2 Bc6 22. Rf1 Rc7 23.
Rf2 Re7 24. Rcf1 Qd7 25. b3 Kd8 26. a4 $16) 21. exf6 Qxf6 22. Ng2 e5 23. Rf1
Qe7 (23... Qg7 $2 24. Bf5 $1 exd4 25. exd4+ $16) 24. dxe5 Qxe5 25. Rcd1 Rc5 (
25... Be7 26. Bc2 Bc5 27. Bb3 $16) 26. Qf2 $1 Kd8 (26... Be6 27. Bf5 Rf8 28.
Bg6+ $18) (26... Be7 27. Qf7+ Kd8) 27. e4 dxe4 (27... d4 28. Ne2 Be7 29. Nxd4
$16) 28. Bxe4 $1 (28. Nxe4 $2 Be7 29. Nf4 Kc8 $132) 28... Kc7 $2 (28... Kc8 29.
Ne3 $1 Bxe3 30. Qxe3 $16) (28... Be7 $5 29. Nf4 $1 (29. Bxb7 Rxc3 30. Qxb6+ Rc7
) 29... Kc8 30. Nfd5 $16) 29. Rfe1 $1 (29. Nd5+ $2 Rxd5 30. Bxd5 Nxd5 31. Qc5+
Bc6 $132) 29... Kb8 30. Nd5 $18 Rxd5 31. Bxd5 Qc7 32. Be4 Bb5 33. b3 Nd7 34. a4
Rf8 35. Rxd7 $1 $18 1-0

[Event "CSR-ch"]
[Site "Prague"]
[Date "1986.06.12"]
[Round "1"]
[White "Blatny, Pavel"]
[Black "Mokry, Karel"]
[Result "1-0"]
[WhiteElo "2415"]
[BlackElo "2490"]
[Annotator "Dolmatov,S"]
[PlyCount "57"]
[EventDate "1986.06.??"]
[EventType "tourn"]
[EventRounds "15"]
[EventCountry "CSR"]
[EventCategory "7"]
[SourceTitle "MCL"]
[Source "ChessBase"]
[SourceDate "1999.07.01"]
[SourceVersion "1"]
[SourceVersionDate "1999.07.01"]
[SourceQuality "1"]

1. e4 c5 2. c3 Nf6 3. e5 Nd5 4. d4 cxd4 5. Nf3 e6 6. cxd4 b6 7. Bd3 (7. Nc3
Nxc3 8. bxc3 Qc7 9. Bd2 $14) 7... Ba6 $6 8. O-O Qc8 9. a3 h6 10. Re1 Bxd3 (
10... Be7 11. Bc2 O-O 12. Nbd2 Nc6 13. Ne4 $14) 11. Qxd3 Na6 (11... Qa6 $5 12.
Qe4 Nc6 13. Nbd2 $14) 12. Nbd2 Nac7 13. Ne4 Qa6 14. Qc2 Rc8 (14... Be7 $6 15.
Nd6+ Bxd6 16. exd6 Nb5 17. Qd3 Nbc7 18. Qb3 $18) 15. Bd2 Be7 16. Nd6+ Bxd6 17.
exd6 Na8 (17... Nb5 18. Qd3 Nbc7 19. Qb3 (19. Qe4 $6 Nf6 $14) 19... Qb5 20. Qc2
$18) 18. Qb3 O-O 19. Ne5 f6 $2 (19... b5 20. Nxd7 Rfd8 21. Nc5 Qxd6 22. Nb7 $16
) (19... Qb7 20. Qg3 Kh7 21. Re4 $16) 20. Nxd7 $1 Rfd8 (20... Rf7 21. Rxe6 Qc4
22. Re8+ Kh7 23. Qxc4 Rxc4 24. Nf8+ $18) 21. Qh3 $1 (21. Rxe6 $2 Qc4) 21... Qb7
(21... f5 $32 22. Rxe6 Rxd7 23. Qxf5 Qb7 24. Rae1 $40) 22. Qxe6+ Kh8 23. Rac1
$18 Rxc1 24. Rxc1 Rxd7 25. Qe8+ Kh7 26. Rc8 Rxd6 27. Qh8+ Kg6 28. Rg8 {/\Qh6+-}
Nac7 29. Qxg7+ 1-0

[Event "Haifa"]
[Site "Haifa"]
[Date "1995.??.??"]
[Round "1"]
[White "Dolmatov, Sergey"]
[Black "Yudasin, Leonid"]
[Result "1/2-1/2"]
[WhiteElo "2605"]
[BlackElo "2615"]
[Annotator "Dolmatov,S"]
[PlyCount "78"]
[EventDate "1995.01.??"]
[EventType "tourn"]
[EventRounds "11"]
[EventCountry "ISR"]
[EventCategory "14"]
[SourceTitle "CBM 046"]
[Source "ChessBase"]
[SourceDate "1995.06.01"]
[SourceVersion "1"]
[SourceVersionDate "1995.06.01"]
[SourceQuality "1"]

1. e4 c5 2. c3 Nf6 3. e5 Nd5 4. Nf3 Nc6 5. Bc4 Nb6 6. Bb3 c4 7. Bc2 g6 8. b3 d5
9. exd6 Qxd6 10. O-O Bg7 11. Na3 $1 {N} cxb3 (11... Be6 12. Qe2 Ne5 13. Ng5 $16
) (11... Qc5 $5 12. Qe2 Be6) 12. axb3 O-O 13. d4 Bg4 14. h3 (14. Re1 $5 Rfd8
15. h3 Bxf3 16. Qxf3 e5 17. dxe5 Nxe5 18. Qxb7) 14... Bxf3 15. Qxf3 e5 $8 16.
Nb5 (16. dxe5 $5 Nxe5 (16... Qxe5 17. Bb2 Rfe8 18. Rad1) 17. Qxb7) 16... Qd7
17. Ba3 Rfd8 (17... a6 $6 18. Bxf8 Rxf8 19. d5 $1 $16) 18. dxe5 Nxe5 19. Qe2 a6
20. Nd6 Qc7 $2 (20... Nd5 $1 21. c4 Nc3 22. Qe3 Nc6 $132) 21. Rad1 $14 Qxc3 22.
Nxb7 Rxd1 $6 (22... Rdc8 $5) 23. Rxd1 Nc6 $2 (23... h5 $14) 24. Nd8 $1 Qe5 (
24... Rxd8 25. Rxd8+ Nxd8 26. Qe8+ $18) (24... Ne5 25. f4 $5 $40) 25. Qxe5 Nxe5
26. Be4 Rc8 27. f4 Ned7 28. Nc6 $16 Bf8 29. Bxf8 Kxf8 30. Bf3 $2 (30. Ra1 Nf6 (
30... Nc5 31. Bf3 Nxb3 $2 (31... Nbd7 32. b4 Nd3 33. Rd1 $18) 32. Rb1 $18) 31.
Rxa6 Nxe4 32. Rxb6 $18) 30... Nf6 $14 31. Kf2 Nbd5 32. Rxd5 Rxc6 33. Rd4 Rb6 $1
34. b4 Ke7 35. g4 h6 (35... Rb5 36. Be2 Rb6 37. g5 Ne8 38. Ke3 $14) 36. Ke3 $2
(36. Ke1 Ne8 37. Kd2 Nd6 $14) 36... Rb5 $10 37. Bc6 (37. Be2 $2 Rxb4) 37... Rb6
38. Bf3 Rb5 39. Bc6 Rb6 1/2-1/2

[Event "Biel"]
[Site "Biel"]
[Date "1986.08.01"]
[Round "11"]
[White "Klinger, Josef"]
[Black "Cebalo, Miso"]
[Result "0-1"]
[WhiteElo "2430"]
[BlackElo "2475"]
[Annotator "Dolmatov,S"]
[PlyCount "58"]
[EventDate "1986.07.20"]
[EventType "tourn"]
[EventRounds "11"]
[EventCountry "SUI"]
[EventCategory "12"]
[SourceTitle "MCL"]
[Source "ChessBase"]
[SourceDate "1999.07.01"]
[SourceVersion "1"]
[SourceVersionDate "1999.07.01"]
[SourceQuality "1"]

1. e4 c5 2. c3 d6 3. d4 Nf6 4. dxc5 $6 (4. f3 $14) 4... Nc6 5. f3 $6 (5. Bc4
Ne5 6. Bb5+ Bd7 7. Bxd7+ Qxd7 8. Nf3 Nxf3+ 9. Qxf3 dxc5 10. O-O Qc6 $10 {
Maric,V-Udovcic,M/JUG/1953/}) 5... d5 6. exd5 Qxd5 7. Qxd5 Nxd5 8. Bc4 e6 9.
Bxd5 exd5 10. Be3 (10. Bf4 $5 Bxc5 11. Nd2 $15) 10... Ne5 11. b4 a5 12. Bd4
Nd3+ 13. Kd2 Bf5 14. a3 h5 15. Ne2 (15. Nh3 $1 Rh6 16. Nf2 Nxf2 17. Bxf2 Re6
$40) 15... Rh6 16. Be3 Rha6 17. Nf4 (17. Nd4 Bg6 18. Nb3 axb4 19. cxb4 Nxb4 20.
axb4 Rxa1 21. Nxa1 Rxa1 $19) 17... d4 $19 18. cxd4 Nxf4 19. Bxf4 axb4 20. Re1+
Kd7 21. Re5 g6 22. Kc1 Bg7 23. Re2 Re6 24. Rxe6 Kxe6 25. Be3 Kd5 26. Kb2 Re8
27. Bg1 Re1 28. axb4 Bxb1 29. Rxb1 Rxg1 0-1

[Event "YUG-chT"]
[Site "Tivat"]
[Date "1995.??.??"]
[Round "4"]
[White "Bjelajac, Milan"]
[Black "Vukovic, Zdravko"]
[Result "1/2-1/2"]
[WhiteElo "2380"]
[BlackElo "2470"]
[Annotator "Dolmatov,S"]
[PlyCount "45"]
[EventDate "1995.??.??"]
[EventType "team-swiss"]
[EventRounds "11"]
[EventCountry "YUG"]
[SourceTitle "CBM 048 Extra"]
[Source "ChessBase"]
[SourceDate "1995.11.01"]
[SourceVersion "1"]
[SourceVersionDate "1995.11.01"]
[SourceQuality "1"]

1. e4 c5 2. c3 d5 3. exd5 Qxd5 4. d4 e5 $6 5. dxe5 Qxd1+ 6. Kxd1 Nc6 7. Bf4 $6
(7. f4 Bf5 8. Nf3 f6 9. Bb5 O-O-O+ 10. Ke1 Bd7 11. Nbd2 $14 {Rozentalis,
E-Ftacnik,L/GER/1994/1:0/40/ Inf 60/147/}) 7... Nge7 8. Bb5 Bg4+ 9. Kc1 (9. f3
O-O-O+ 10. Nd2 Bf5 11. Ke2 Ng6 $17) 9... Ng6 10. Bg3 O-O-O 11. Bxc6 bxc6 12.
Nd2 (12. h3 Rd1+ (12... Bf5 13. Nf3 Be7 14. Nbd2 h5 $44) 13. Kc2 Bh5 14. Bh2
Be7 15. g4 Rhd8 16. gxh5 Nh4 $13) 12... h5 13. h4 (13. h3 h4 (13... Bf5 14. h4
f6 15. Ngf3 Be7 16. Re1 $14) 14. hxg4 (14. Bh2 Bf5 15. Ngf3 f6 16. Re1 Be7 $44)
14... hxg3 15. Rxh8 Nxh8 (15... gxf2 $2 16. Rh1 fxg1=Q+ 17. Rxg1 Nxe5 18. Kc2
Nxg4 19. Rae1 $16) 16. f4 Ng6 17. Ne2 Nh4 18. Nxg3 (18. Ne4 Nxg2 19. N4xg3 Ne3
$17) 18... Nxg2 19. Nc4 Nxf4 20. Kc2 $10) 13... f6 14. Ngf3 f5 15. Nc4 (15. Ng5
$2 f4 16. Bh2 Nxe5 17. Kc2 Bf5+ 18. Nde4 Be7 19. f3 Bxg5 20. hxg5 Bxe4+ $15)
15... f4 16. Bh2 Be7 (16... Bxf3 $2 17. gxf3 Be7 18. Rg1 Rh6 19. Kc2 $14) 17.
Nfd2 Nxh4 (17... Bxh4 $5 18. Nd6+ Kc7 19. Nf7 Bxf2 20. Nxh8 Rxh8 $40) 18. g3 (
18. Bxf4 Nxg2 $17) 18... Nf3 (18... fxg3 $5 19. Bxg3 Nf3 20. Ne4 (20. Nd6+ $2
Rxd6 21. exd6 Bg5 $19) 20... h4 $17) 19. gxf4 Nxh2 20. Rxh2 Rdf8 21. Ne3 Be6 (
21... Rxf4 22. Nxg4 Rxg4 23. Kc2 Kd7 $15) 22. Rg2 Rh7 23. Rg6 (23. Rg6 Kd7 24.
Kc2 Rxf4 25. Rd1 $15) 1/2-1/2

[Event "Altensteig"]
[Site "Altensteig"]
[Date "1995.??.??"]
[Round "4"]
[White "Vogt, Lothar"]
[Black "Grosar, Aljosa"]
[Result "1/2-1/2"]
[WhiteElo "2475"]
[BlackElo "2485"]
[Annotator "Donev,I"]
[PlyCount "240"]
[EventDate "1995.08.??"]
[EventType "tourn"]
[EventRounds "11"]
[EventCountry "GER"]
[EventCategory "12"]
[SourceTitle "CBM 049"]
[Source "ChessBase"]
[SourceDate "1995.12.01"]
[SourceVersion "1"]
[SourceVersionDate "1995.12.01"]
[SourceQuality "1"]

1. e4 c5 2. c3 Nf6 3. e5 Nd5 4. d4 cxd4 5. Nf3 e6 6. cxd4 b6 7. Bd3 Bb4+ 8. Bd2
Bxd2+ 9. Qxd2 Ba6 10. Nc3 Nxc3 11. bxc3 Bxd3 12. Qxd3 d5 13. exd6 Qxd6 14. O-O
Nd7 15. Rfd1 O-O 16. Qa6 Rac8 17. c4 Rc7 18. Rac1 Rfc8 19. Qb5 h6 20. h3 Qa3
21. Qb3 Qa6 22. Nd2 e5 23. d5 Qa5 24. Rb1 Nc5 25. Qe3 Qxa2 26. Qxe5 Qc2 27. Qd4
Qd3 28. Qg4 Rd8 29. Nb3 Qc2 30. Nd4 Qxc4 31. Rbc1 Qa4 32. Qg3 Qd7 33. Nf5 Qxf5
34. Qxc7 Rxd5 35. Rxd5 Qxd5 36. Qxa7 Nd3 37. Rc8+ Kh7 38. Qxb6 Nf4 39. Qc6 Ne2+
40. Kh2 Qe5+ 41. g3 Nd4 42. Qg2 h5 43. h4 Nf5 44. Rc4 Nd4 45. Rc3 Nf5 46. Rd3
Nh6 47. Qd5 Qxd5 48. Rxd5 {[#] Der Enstehende Stellung ist sehr wichtig für
des Theorie des Endspiel.Schwarz baut eine so genante Festung mit nur eine
schwäche -der Bauern f7.Der Verteidigungsplan ist volgendes: a)Die
Bauernstruktur auf f7-g6-h5 zu bleiben. b)So kann man leicht der schwache
Bauern f7 zu decken,die übrigens nur zwei mal angegrifen(mit der Turm und der
weiße König )und verteidigen kann(mit dem Springer und der schwarze König). c)
Der schwarze Monarch spielt rum um die Bauern f7 meistens auf die Felder g7-f6.
d)Der Springer bleibt auch in der Nähe des Königs Z.B Nf5-Nh6-Ng8-Nf6 e)Wenn
die weiße Bauern am Königsflügel nach vorne rücken dann der Verteidiger Seite
muss so viel wie Möglich Bauern zu tauschen,um zum Theoretische Remis Endspiel
Turm gegen Springer anzustreben.} g6 {[%cal Gh6g4,Gh6f5,Gh6f7,Gh7g7,Gg7f6,
Gg7f8] [#]} 49. Kg2 Kg7 50. Kf3 Ng4 51. Rd2 {Schwarz muß nur pasiv abwarten
und mit dem Springer Manövrieren.Eine schwere fehler währe den F-bauern zu
bewegen:Siehe das Endspiel San Segundo,P-Panno,O Buenos Aires Najdorf(06)1995}
Kf6 (51... f5 52. Kf4 Nf6 53. f3 $18) (51... f6 52. Kf4 $16) 52. Kf4 Kg7 53.
Ke4 Nf6+ 54. Ke5 Ng4+ 55. Kd6 Kf8 56. Ra2 {Der Anziehende versucht mit seine
Figuren der Bauern f7 anzugreifen.} Kg7 57. Ke7 Nf6 58. Ra7 Ng8+ 59. Kd6 (59.
Ke8 Nf6+ 60. Ke7 Ng8+ {Und der weiße Monarch wird von seine Ziel entfernt.})
59... Nf6 60. f3 Ng8 61. Ke5 Nh6 62. Ra6 Nf5 63. Kf4 Ne7 64. Rd6 Nf5 65. Rd7
Kf6 66. Rd5 Ne7 67. Rd6+ Kg7 68. Ra6 Nf5 69. Ra5 Kf6 70. Rb5 Ne7 71. Ke4 Kg7
72. Re5 Ng8 73. Rb5 Ne7 74. Kf4 Kf6 75. Rb6+ Kg7 76. Rd6 Nf5 77. Rd1 Kf6 78.
Rg1 Ne7 79. Ke4 Nf5 80. Kd5 Ne3+ 81. Kd6 Nf5+ 82. Kd7 Kg7 83. Kd8 Nd4 84. Rf1
Nf5 85. Rg1 Nd4 {Schwarz erzwingt der Zug f3-f4, das günstig für der
Nachziehende ist weil die Felder g4,f5 abgeschwächt wird.} 86. f4 {[%csl Rf5,
Rg4]} Nf5 {Jetz die schwarze aufgabe ist noch leichter.Der Springer muß in
verbindung mit dem Feld f5 bleiben.} 87. Kd7 Kf6 88. Kc6 Nh6 89. Kd6 Nf5+ 90.
Kd5 Ne3+ 91. Ke4 Nf5 92. Rg2 Ke6 93. Kf3 Nd4+ 94. Kf2 Nf5 95. Rg1 Kf6 96. Ra1
Kg7 97. Ra6 Nh6 98. Kf3 Nf5 99. Ra3 Kf6 100. Ke4 Kg7 101. Ke5 Nh6 102. Kd6 Nf5+
103. Kd7 Kf6 104. Ke8 Kg7 105. Rd3 Kg8 106. Rd7 Nh6 {[%cal Gh6f7,Gg8f7,Rd7f7,
Re8f7] [#] Das maximum was der Anziehende erreichen kann.} 107. Ke7 Kg7 108.
Rd3 Nf5+ 109. Ke8 Kg8 110. Ra3 Kg7 111. Ra7 Nd6+ 112. Kd7 Nf5 113. Ra3 Kf6 114.
Rd3 Kg7 115. Kc6 Kf6 116. Kd5 Ne7+ 117. Ke4 Nf5 118. Rb3 Nd6+ 119. Kf3 Nf5 120.
Rb1 Nd4+ {Nach mehr als 50 Züge erfolgreiche Verteidigung sind beide seite auf
Remis einverstanden.1/2-1/2 Vogt,L-Grosar,A/Altensteig (04) ;CBM 49_08 1995}
1/2-1/2

[Event "Linares Anibal op 04th"]
[Site "Linares"]
[Date "1997.??.??"]
[Round "9"]
[White "Xie, Jun"]
[Black "Miezis, Normunds"]
[Result "1/2-1/2"]
[WhiteElo "2500"]
[BlackElo "2555"]
[Annotator "Donev,I"]
[PlyCount "59"]
[EventDate "1997.02.??"]
[EventType "swiss"]
[EventRounds "10"]
[EventCountry "ESP"]
[SourceTitle "CBM 058"]
[Source "ChessBase"]
[SourceDate "1997.06.01"]
[SourceVersion "1"]
[SourceVersionDate "1997.06.01"]
[SourceQuality "1"]

1. e4 e6 2. d4 d5 3. Nd2 c5 4. exd5 exd5 5. Ngf3 Nc6 6. Be2 Nf6 7. O-O Bd6 8.
dxc5 Bxc5 9. Nb3 Bb6 10. c3 O-O 11. Bg5 Re8 12. Bh4 (12. Nfd4 $5 Nxd4 13. Nxd4
Bxd4 14. cxd4 Qb6 15. Bxf6 Qxf6 16. Bf3 Be6 17. Qd2 $14 {nebst Rac1.}) 12...
Bg4 (12... Bf5 $5 13. Re1 Be4 $1 14. Nbd4 Bxf3 15. Nxf3 d4 $132) 13. Re1 Re4
14. Bg3 Nh5 15. Nfd4 Bxe2 16. Rxe2 Nxg3 17. hxg3 Qg5 (17... Nxd4 18. Nxd4 Qf6 (
18... Bxd4 19. cxd4 Qe7 $11) 19. Rd2 Bxd4 20. Rxd4 Rxd4 21. cxd4 $11) 18. Qd3
Rae8 19. Rae1 Qg6 20. Qb5 h6 (20... Rxe2 21. Rxe2 Qb1+ 22. Kh2 Rxe2 23. Qxe2
$13) 21. a4 R8e7 22. Rxe4 Rxe4 23. Rxe4 Qxe4 24. a5 Qe1+ 25. Kh2 Ne5 (25...
Bxd4 26. cxd4 (26. Nxd4 Nxd4 27. cxd4 Qxf2 28. Qxd5 Qxb2 29. Qc5 b6 30. Qc8+
Kh7 31. Qf5+ $11 {Mit Dauerschach}) 26... Qd1 {Es droth Qh5 nebst Qd1=} 27.
Qxd5 Qe2 (27... Qc2 28. a6 bxa6 29. Nc5 Qe2 30. f3 $16 (30. Qxc6 Qh5+ 31. Kg1
Qd1+ $11)) 28. f4 Qxb2 29. Qc4 $14) 26. f3 (26. axb6 $2 Ng4+ 27. Kh3 Nxf2+ 28.
Kh4 Qh1#) 26... Bc7 27. Qe8+ (27. Qxd5 Ng4+ $1 28. fxg4 Qxg3+ 29. Kg1 Qe1#)
27... Kh7 28. Qc8 $1 {[%cal Yc8g4,Yc8c7] Kontrolliert das Feld g4.} Bd6 29. f4
Nc4 30. Nf5 1/2-1/2